[Event "30/move"]
[Site "?"]
[Date "2006.03.31"]
[Round "4"]
[White "Mephisto Milano"]
[Black "Mephisto Milano Pro"]
[Result "1-0"]
[WhiteElo "2010"]
[BlackElo "2124"]
[PlyCount "225"]
[EventDate "2006.03.31"]
[EventType "tourn (rapid)"]
[EventRounds "20"]
[EventCountry "NED"]
[SourceDate "2006.03.12"]

1. e4 e5 2. Nf3 Nf6 3. Nxe5 d6 4. Nf3 Nxe4 5. d4 d5 6. Bd3 Be7 7. O-O Nc6 8. c4
Nb4 9. Be2 O-O 10. Nc3 Be6 {Milano Pro letzter Buchzug} 11. a3 Nxc3 12. bxc3 {
Milano letzter Buchzug} Nc6 13. cxd5 Bxd5 14. Be3 ({RR} 14. Nd2 Na5 15. Bd3 b6
16. Qc2 h6 17. Bb2 Bb7 18. Ne4 b5 19. a4 a6 20. axb5 axb5 21. Bxb5 f5 22. Nc5
Bxc5 23. dxc5 Qd5 24. c6 Nxc6 25. Qd3 Ne5 26. Qxd5+ Bxd5 {
1/2-1/2 Leko,P-Kramnik,V/Dortmund 1999/CBM 72}) ({RR} 14. Bf4 Na5 15. Nd2 Bg5
16. Bxg5 Qxg5 17. Nf3 Qg4 18. h3 Qe6 19. Re1 Qd6 20. a4 Rfe8 21. Qc2 Bc4 22.
Ne5 Bxe2 23. Rxe2 f6 24. Nd3 Rxe2 25. Qxe2 Nc4 26. Nc5 Qd5 27. Nxb7 Kf7 28. Re1
Rb8 {Felgaer,R-Khachatorian,Y/Dos Hermanas 2003/EXT 2004/1-0}) 14... Bf6 15.
Bd3 $146 ({RR} 15. Rb1 Rb8 16. Nd2 Be6 17. Bf3 Bf5 18. Ne4 Re8 19. Nxf6+ Qxf6
20. Rb5 a6 21. Rc5 Be4 22. Bxe4 Rxe4 23. Qb1 Rg4 24. h3 Rg6 25. Qe4 b6 26. Rf5
Qe6 27. Qf3 Ne7 28. Re5 Qd6 29. Bf4 Qd7 {
Le Kieu Thien,K-Pham Le Thao,N/Vietnam 2002/EXT 2004/1-0 (49)}) ({RR} 15. Qa4
a6 ({RR} 15... Qe8 16. Qc2 Rd8 17. Rfe1 Qd7 18. Ng5 g6 19. Ne4 Bg7 20. Bg5 f6
21. Nc5 Qf7 22. Bh4 b6 23. Na6 Na5 24. Bg3 Rd7 25. Nb4 Bb3 26. Qb2 Bc4 27. Bf3
Re8 28. Nc6 Rxe1+ 29. Rxe1 Nxc6 30. Bxc6 {
Karnaukh,A-Nogin,N/Kiev 2000/EXT 2001/1-0 (53)}) 16. c4 Bxf3 17. Bxf3 Nxd4 18.
Bxd4 Bxd4 19. Rad1 Qf6 20. Bxb7 Rad8 21. Bd5 Rfe8 22. Qc2 c6 23. Bf3 g6 24.
Rfe1 c5 25. Bd5 Rxe1+ 26. Rxe1 Rb8 27. Rf1 Rb2 28. Qd1 Rxf2 29. Rxf2 Qxf2+ {
German,G-Ginzburg,M/Acasusso 1994/EXT 2000/0-1 (46)}) 15... Re8 16. Rb1 Rb8 17.
Nd2 h6 18. c4 Bxg2 19. Kxg2 Bxd4 20. Bxd4 Qxd4 21. Nf3 Qd6 22. Rb3 Na5 23. Rc3
Qe6 24. h3 Qf6 25. Qc1 Nc6 26. Re1 Nd4 27. Nxd4 Qxd4 28. Rxe8+ Rxe8 29. Rb3 Kf8
30. Qc3 Qxc3 31. Rxc3 c6 32. c5 g6 33. Rb3 Rd8 34. Bc4 Rd4 35. Be2 Rd7 36. Kf3
Kg7 37. Bc4 Kf6 38. Ke2 Re7+ 39. Kd2 Kg5 40. Re3 Rxe3 41. Kxe3 f6 42. Kd4 Kf4
43. Bd3 f5 44. Be2 g5 45. Bd3 b6 46. Bc2 h5 47. Bd1 g4 48. h4 b5 49. Bb3 Kf3
50. Bd5+ Kxf2 51. Bxc6 f4 52. Ke5 f3 53. Kf4 a5 54. Bd5 b4 55. axb4 Kg1 56.
bxa5 f2 57. Bc4 Kh2 58. Bf1 Kg1 59. Bd3 Kh2 60. a6 g3 61. a7 g2 62. a8=Q f1=R+
63. Bxf1 gxf1=Q+ 64. Ke5 Qf2 65. c6 Qxh4 66. Qa2+ Kg3 67. Qb3+ Kf2 68. Qc2+ Ke3
69. Qc5+ Kd3 70. c7 Qg5+ 71. Kd6 Qg6+ 72. Ke7 Qg7+ 73. Ke6 Qg6+ 74. Kd7 Qg4+
75. Kc6 h4 76. Qd6+ Kc4 77. Kb7 Qg7 78. Qf4+ Kd3 79. Qf1+ Kd2 80. Qf2+ Kc3 81.
Qxh4 Qg2+ 82. Kb8 Qb2+ 83. Kc8 Qg2 84. Qf6+ Kc4 85. Kd7 Qd5+ 86. Ke7 Qc5+ 87.
Qd6 Qg5+ 88. Kd7 Qg7+ 89. Kc8 Qh8+ 90. Kb7 Qb2+ 91. Qb6 Qg7 92. Qe6+ Kd3 93.
Kc6 Qc3+ 94. Kd7 Qg7+ 95. Kd6 Qf8+ 96. Kc6 Qa8+ 97. Kb6 Kd4 98. Qf5 Qa3 99.
c8=Q Qb4+ 100. Ka7 Qe7+ 101. Ka6 Qa3+ 102. Kb7 Qb3+ 103. Kc7 Qc3+ 104. Kd6 Qg3+
105. Kd7 Qe5 106. Qf2+ Qe3 107. Qh8+ Kd3 108. Qh7+ Kd4 109. Qb2+ Qc3 110. Qg7+
{# in 5} Ke4 111. Qbxc3 {# in 3} Kf4 112. Qge5+ Kg4 113. Qcg3# {53:00 - 95:04}
1-0

[Event "30/move"]
[Site "?"]
[Date "2006.03.31"]
[Round "5"]
[White "Mephisto Milano Pro"]
[Black "Mephisto Milano"]
[Result "1-0"]
[WhiteElo "2124"]
[BlackElo "2010"]
[PlyCount "97"]
[EventDate "2006.03.31"]
[EventType "tourn (rapid)"]
[EventRounds "20"]
[EventCountry "NED"]
[SourceDate "2006.03.12"]

1. e4 e5 2. Nf3 Nc6 3. Bc4 Nf6 4. Ng5 d5 5. exd5 b5 6. Bxb5 Qxd5 {
Milano letzter Buchzug} 7. Be2 {Milano Pro letzter Buchzug} ({RR} 7. Ba4 Bc5 8.
Bb3 Qxg2 9. Rf1 Bg4 10. f3 Bh3 11. Bc4 Qxg5 12. d4 Qh4+ 13. Ke2 Bxf1+ 14. Qxf1
Nxd4+ 15. Kd3 Rd8 16. Kc3 Nd5+ 17. Bxd5 Rxd5 18. b3 Nb5+ 19. Qxb5+ Ke7 20. Kb2
Qd4+ 21. c3 Qf2+ {Bataa,O-Langenfeld,O/Lehre 2000/EXT 2003/0-1 (63)}) 7... Nb4
$146 ({RR} 7... Bb7 8. d3 ({RR} 8. O-O Nd4 9. Bf3 ({RR} 9. Nf3 O-O-O 10. Ne1
Bd6 11. Nc3 Qc6 12. a4 a6 13. Rb1 Ne4 14. Nxe4 Qxe4 15. Bf3 Nxf3+ 16. Qxf3 Qxa4
17. Qf5+ Rd7 18. b4 g6 19. Qf6 Re8 20. c4 Qa2 21. Rb2 Qxc4 22. Rc2 Qe6 23. Qh4
Qe7 {Kohnert,A-Jepson,C/Eger 1990/EXT 97/0-1 (39)}) 9... Nxf3+ 10. Nxf3 e4 11.
Nc3 Qd6 12. Re1 O-O-O 13. Ng5 Qe7 14. d3 h6 15. Ngxe4 Nxe4 16. Qg4+ Kb8 17.
dxe4 h5 18. Qe2 g6 19. Be3 Ka8 20. Rad1 Bg7 21. f3 g5 22. Nd5 Bxd5 {
Vedeneev,V-Demidov,A/Nizhnij Novgorod 1999/EXT 2000/1-0}) 8... Nd4 9. Nf3 Nxe2
10. Qxe2 Bd6 11. Nc3 Qc6 12. O-O O-O 13. Bg5 Nd7 14. Qe4 Qxc3 15. Qxb7 Qxc2 16.
Qb5 Nb6 17. Rac1 a6 18. Rxc2 axb5 19. a3 Nd5 20. Bd2 f6 21. Rfc1 Rfb8 22. Kf1 {
Mestrovic,Z-Smejkal,J/Ybbs 1968/EXT 2003/0-1 (43)}) ({RR} 7... Nd4 8. Nf3 Nxe2
9. Qxe2 Bd6 10. Nc3 Qe6 11. d4 exd4 12. Nxd4 Qxe2+ 13. Ndxe2 Bf5 14. Nd4 Bg6
15. O-O O-O 16. Ncb5 Bc5 17. Nb3 {1/2-1/2 Biti,O-Krstic,U/Zagreb 1997/EXT 99})
8. Nc3 Qc5 9. Bf3 Rb8 10. d3 Nbd5 11. Nxd5 Nxd5 12. O-O Be7 13. Ne4 Qb6 14. Re1
Be6 15. c4 Nf4 16. Nc3 Bc5 17. Rxe5 Ng6 18. Qa4+ Kf8 19. Re2 Nh4 20. Be4 Ng6
21. Nd5 Bxd5 22. Bxd5 Ne7 23. Be4 f5 24. Bf3 Rd8 25. Be3 Rxd3 26. Bxc5 Qxc5 27.
Rae1 Rd4 28. Rxe7 Qxe7 29. Rxe7 Kxe7 30. Qxa7 Rd7 {Milano gibt auf} 31. g4 Kf7
32. Bd5+ Ke7 33. gxf5 Rhd8 34. Qd4 Re8 35. Qxg7+ Kd8 36. Qf6+ Rde7 37. Kf1 h5
38. Be6 c5 39. Qe5 Rd7 40. f6 Rd1+ 41. Kg2 Rxe6 42. Qxe6 h4 43. f7 h3+ 44. Kxh3
Rd3+ 45. Kg2 Rf3 46. Kxf3 {# in 4} Kc7 {# in -3} 47. f8=Q Kb7 48. Qfc8+ Ka7 49.
Qea6# {18:17 - 21:47} 1-0

[Event "30/move"]
[Site "?"]
[Date "2006.03.31"]
[Round "6"]
[White "Mephisto Milano"]
[Black "Mephisto Milano Pro"]
[Result "0-1"]
[WhiteElo "2010"]
[BlackElo "2124"]
[PlyCount "112"]
[EventDate "2006.03.31"]
[EventType "tourn (rapid)"]
[EventRounds "20"]
[EventCountry "NED"]
[SourceDate "2006.03.12"]

1. e4 e5 2. Nf3 Nc6 3. Bb5 a6 4. Ba4 Nf6 5. O-O Be7 6. Re1 b5 7. Bb3 O-O 8. c3
d6 9. h3 Na5 10. Bc2 c5 11. d4 cxd4 12. cxd4 Bb7 {Milano Pro letzter Buchzug}
13. d5 {Milano letzter Buchzug} Rc8 ({RR} 13... Bc8 14. b3 Bd7 15. Bb2 Qb8 16.
Nbd2 g6 17. Nf1 Nh5 18. Ng3 Nxg3 19. fxg3 Rc8 20. Qd2 b4 21. Kh2 Nb7 22. Rf1
Nc5 23. Rf2 a5 24. Qh6 f6 25. g4 Rf8 26. g5 fxg5 27. Raf1 Rf4 28. Nxg5 {
Handke,F-Sokolov,I/Amsterdam 2002/CBM 89 ext/1-0 (41)}) 14. a4 $146 ({RR} 14.
b3 Qc7 15. Bd3 Nxe4 ({RR} 15... Bxd5 16. exd5 e4 17. Bd2 Nb7 18. Bxe4 Nxe4 19.
Rxe4 Bf6 20. Na3 Qc5 21. Bb4 {1-0 Hercik,J-Brom,J/Klatovy 1997/EXT 98}) 16.
Bxe4 f5 17. Bd3 e4 18. Bg5 Bf6 19. Bxf6 Rxf6 20. Be2 exf3 21. Bxf3 b4 22. Nd2
Rff8 23. a3 Qb6 24. axb4 Qxb4 25. Ra4 Qc3 26. Re3 Qb2 27. Nf1 Rc5 28. Qe1 Rc1 {
Morozevich,A-Ponomariov,R/Moscow 2001/CBM 86/1-0 (33)}) ({RR} 14. Nc3 Qc7 15.
Re2 Nd7 16. a4 b4 17. Na2 b3 18. Bxb3 Nxb3 19. Qxb3 Nc5 20. Qd1 a5 21. b4 axb4
22. Nxb4 Ra8 23. Rc2 Qd7 24. a5 Nb3 25. Ra3 Nxa5 26. Qd3 Rfc8 27. Be3 Rxc2 28.
Nxc2 Bd8 {Hernandez,G-El Taher,F/Moscow 1994/CBM 44 ext/1/2-1/2 (31)}) 14... b4
15. Bd2 Qc7 16. Bd3 Nc4 17. Qb3 Nxd2 18. Nbxd2 a5 19. Bb5 Rfd8 20. Nc4 Nxe4 21.
Nxa5 Nc5 22. Qxb4 Bxd5 23. Nd2 Ba8 24. Qc3 Bf6 25. Nac4 e4 26. Qc2 Nd3 27. Nxe4
Nxe1 28. Nxf6+ gxf6 29. Rxe1 Qb7 30. f4 d5 31. Re3 dxc4 32. Rg3+ Kh8 33. Bxc4
Rg8 34. Rxg8+ Rxg8 35. Bf1 Qa7+ 36. Kh2 Qd4 37. Kh1 Qxf4 38. Kg1 Rd8 39. Qc4
Qxc4 40. Bxc4 Rd2 41. b4 Rxg2+ 42. Kf1 Rb2 43. b5 Bg2+ 44. Kg1 Bxh3 45. Bxf7
Bg4 46. Be8 Be2 47. Bd7 Kg7 48. Bc6 h6 49. Bd7 Bd3 50. Bc6 {Milano gibt auf} h5
51. Be8 Kh6 52. Bc6 Kg5 53. Bf3 Kf4 54. Bd1 Kg3 55. a5 {# in -2} Rb1 {# in 2}
56. a6 Rxd1# {25:53 - 24:30} 0-1

[Event "30/move"]
[Site "?"]
[Date "2006.03.31"]
[Round "7"]
[White "Mephisto Milano Pro"]
[Black "Mephisto Milano"]
[Result "0-1"]
[WhiteElo "2124"]
[BlackElo "2010"]
[PlyCount "158"]
[EventDate "2006.03.31"]
[EventType "tourn (rapid)"]
[EventRounds "20"]
[EventCountry "NED"]
[SourceDate "2006.03.12"]

1. d4 d5 2. c4 c6 3. Nf3 e6 4. Nc3 dxc4 5. a4 Bb4 6. e3 b5 7. Bd2 Bb7 8. axb5
Bxc3 9. Bxc3 cxb5 10. b3 a5 11. bxc4 b4 12. Bb2 Nf6 13. Bd3 {
Milano Pro letzter Buchzug} Nbd7 14. O-O O-O {Milano letzter Buchzug} 15. Re1
Bc6 $146 ({RR} 15... Ne4 16. Nd2 ({RR} 16. Qc2 f5 17. c5 Bc6 18. Bc4 Qe7 19.
Bb3 g5 20. Red1 g4 21. Ne1 Ndf6 22. Ba4 Bxa4 23. Rxa4 Nd5 24. Rda1 Qc7 25. Rc1
Rf6 26. Nd3 Rh6 27. Ne5 Nec3 28. Raa1 Qd8 29. Bxc3 Nxc3 30. f3 gxf3 {
Flament,F-Couche,D/France 2003/EXT 2004/0-1 (55)}) 16... f5 ({RR} 16... Nxd2
17. Qxd2 Qc7 18. c5 f5 19. f3 Nf6 20. Bc4 Bd5 21. Bxd5 Nxd5 22. e4 fxe4 23.
fxe4 Nf6 24. h3 Qc6 25. Qd3 a4 26. d5 exd5 27. Bxf6 Qxf6 28. Qxd5+ Qf7 29. c6
b3 30. c7 Rfc8 31. Rac1 {Sadler,M-Krasenkow,M/Germany 1998/GER-chT/0-1 (39)})
17. f3 Nxd2 18. Qxd2 Qg5 19. Qd1 Qh4 20. e4 Rf6 21. Qa4 Nf8 22. Qb5 Bc8 23. Qc6
Rb8 24. Qc7 Nd7 25. Qd8+ Kf7 26. c5 Rh6 27. Qxh4 Rxh4 28. g3 Rh6 29. Rxa5 Bb7
30. Ra7 {Skema,L-Borowski,P/Altenbeken 1948/EXT 2003/1-0 (45)}) ({RR} 15... Qc7
16. e4 e5 17. d5 Rfe8 18. Nd2 Nc5 19. Bc2 Nfd7 20. f4 a4 21. Bxa4 Nd3 22. Qe2
Nxb2 23. Bxd7 Qxd7 24. Nb3 Na4 25. c5 Nc3 26. Qc4 Qb5 27. Qxb5 Nxb5 28. c6 Rxa1
29. Rxa1 Bc8 30. f5 {Moyse,N-Barlocco,C/Caorle 1984/EXT 2002/0-1 (51)}) 16. e4
a4 17. d5 Nc5 18. Bc2 Bd7 19. e5 Nh5 20. Bd4 Qa5 21. Ng5 g6 22. Nxh7 Rfb8 23.
Qf3 b3 24. Ng5 Be8 25. Bxc5 Qxc5 26. dxe6 Qxc4 27. Be4 Ra7 28. Bd5 Qf4 29.
exf7+ Bxf7 30. Qxf4 Nxf4 31. Bxf7+ Rxf7 32. Nxf7 b2 33. Nd6 Nd3 34. Red1 bxa1=Q
35. Rxa1 Nxe5 36. f4 Nd3 37. f5 Kg7 38. fxg6 Kxg6 39. h3 Ra8 40. Ra3 Nb4 41. g4
Nc2 42. Rc3 Nd4 43. Rd3 Nc2 44. Rd2 Nb4 45. Re2 a3 46. Re6+ Kg7 47. g5 a2 48.
Nf5+ Kf7 49. Rf6+ Ke8 50. Ng7+ Kd7 51. Rf1 a1=Q 52. Rxa1 Rxa1+ 53. Kg2 Ke7 54.
h4 Kf7 55. Nh5 Nd5 56. Ng3 Kg6 57. Kh3 Ra3 58. Kg2 Ra4 59. Nf1 Rxh4 60. Nd2
Rg4+ 61. Kf2 Kxg5 62. Ke2 Kf5 63. Kd3 Nb6 64. Ke2 Nc4 65. Nxc4 Rxc4 66. Kd3 Re4
67. Kc3 Ke5 68. Kd3 Kd5 69. Kc3 Re3+ 70. Kb4 Rh3 71. Kb5 Rb3+ 72. Ka4 Rb8 73.
Ka5 Kc4 74. Ka6 {# in 5} Rb5 75. Ka7 Rb3 76. Ka6 Kc5 {# in 4} 77. Ka7 Kc6 78.
Ka8 Kc7 79. Ka7 Ra3# {37:23 - 33:15} 0-1

[Event "30/move"]
[Site "?"]
[Date "2006.03.31"]
[Round "8"]
[White "Mephisto Milano"]
[Black "Mephisto Milano Pro"]
[Result "1-0"]
[WhiteElo "2010"]
[BlackElo "2124"]
[PlyCount "165"]
[EventDate "2006.03.31"]
[EventType "tourn (rapid)"]
[EventRounds "20"]
[EventCountry "NED"]
[SourceDate "2006.03.12"]

1. d4 Nf6 2. c4 e5 3. dxe5 Ng4 4. Bf4 Nc6 5. Nf3 Bb4+ 6. Nbd2 Qe7 7. a3 Ngxe5
8. Nxe5 Nxe5 9. e3 Bxd2+ 10. Qxd2 d6 {Milano Pro letzter Buchzug} 11. Be2 O-O
12. O-O {Milano letzter Buchzug} Ng6 13. Bg3 Bf5 ({RR} 13... Be6 14. Rac1 Rad8
15. e4 Bd7 16. f3 Bc6 17. Rfe1 Qd7 18. b4 b6 19. Qc3 h5 20. h3 h4 21. Bf2 Qe7
22. Qd2 Rfe8 23. Bf1 Qe5 24. Bd4 Qg3 25. Bf2 Qe5 26. Be3 Qg3 27. Bd3 Ne5 28.
Be2 {Andonovski,L-Forman,S/Panormo 2001/CBM 84 ext/1-0 (74)}) 14. Rad1 $146 ({
RR} 14. Bf3 Be4 15. Bxe4 Qxe4 16. Qc3 ({RR} 16. Rac1 Rfe8 17. Rfd1 h5 18. h3
Nh4 19. Bxh4 Qxh4 20. Qd5 Qe4 21. c5 Qxd5 22. Rxd5 Re5 23. Rcd1 Rxd5 24. Rxd5
dxc5 25. Rxc5 c6 26. Kf1 g6 27. Ke2 Kf8 28. Re5 f6 29. Re4 Kf7 30. g4 hxg4 {
Baciu,S-Voiteanu,G/Bucharest 2002/CBM 87 ext/1/2-1/2 (49)}) 16... h5 17. h3 Nh4
18. Bxh4 Qxh4 19. Rfd1 Rfe8 20. Rd4 Re4 21. Rad1 b6 22. Rxe4 Qxe4 23. Qd4 Re8
24. Qxe4 Rxe4 25. Rd4 Re5 26. Kf1 Kf8 27. Ke2 Ke7 28. Kd3 c5 {
Jagodzinski,A-Dumpor,A/Budapest 1998/EXT 99/0-1 (38)}) ({RR} 14. Rac1 Be4 15.
Bd3 Bc6 16. Qc2 Rad8 17. Rfd1 Rfe8 18. b3 d5 19. c5 d4 20. exd4 Rxd4 21. f3 Qd8
22. Bf2 Rd7 23. Bf5 Rxd1+ 24. Rxd1 Qf6 25. Bg3 Qe7 26. Re1 Qd8 27. Rxe8+ Qxe8
28. Qd3 Bb5 {Albizzati,A-Sa,J/Volta Redonda 2001/EXT 2003/1/2-1/2 (32)}) 14...
Ne5 15. Qd5 Rab8 16. c5 Rfd8 17. e4 Be6 18. cxd6 cxd6 19. Qb5 Rbc8 20. Bxe5
dxe5 21. Qxe5 Rc2 22. Rxd8+ Qxd8 23. Rd1 Qc8 24. Qd4 h6 25. Bh5 a5 26. Qb6 Kh7
27. Bf3 Bg4 28. Qb3 Bxf3 29. Qxf3 Qe6 30. Rb1 Qa2 31. Rf1 Qe6 32. b4 axb4 33.
axb4 Rb2 34. Qc3 Rb3 35. Qd4 Qe7 36. e5 Rxb4 37. Qd3+ g6 38. f4 Qc5+ 39. Kh1
Rb2 40. f5 Qc6 41. fxg6+ fxg6 42. Rf7+ Kg8 43. Rf3 Qe8 44. Qc4+ Kg7 45. Rf1 Kh7
46. Qc7+ Kg8 47. Qc1 Rb5 48. Qc4+ Kh7 49. e6 Rf5 50. Qc7+ Kg8 51. Rxf5 gxf5 52.
Qe5 f4 53. Qf6 Qf8 54. Qd4 f3 55. gxf3 Qxf3+ 56. Kg1 b5 57. Qd8+ Kg7 58. Qd7+
Kg6 59. e7 Qe3+ 60. Kf1 Qf3+ 61. Ke1 Qe3+ 62. Kd1 Qg1+ 63. Kd2 Qxh2+ 64. Kc3
Qe5+ 65. Kb3 Qe3+ 66. Kb4 Qe1+ 67. Kxb5 Qf1+ 68. Kb6 Qg1+ 69. Kb7 Qb1+ 70. Kc7
Qc1+ 71. Qc6+ Qxc6+ 72. Kxc6 Kg5 73. e8=Q Kf6 74. Qh5 Ke6 75. Qxh6+ Ke5 76.
Qe3+ Kf5 77. Kd5 Kf6 78. Qe6+ Kg5 79. Ke4 Kh4 80. Kf4 Kh5 81. Qe8+ {# in 3} Kh6
82. Qg8 Kh5 83. Qh7# {38:41 - 39:12} 1-0

[Event "30/move"]
[Site "?"]
[Date "2006.03.31"]
[Round "9"]
[White "Mephisto Milano Pro"]
[Black "Mephisto Milano"]
[Result "1-0"]
[WhiteElo "2124"]
[BlackElo "2010"]
[PlyCount "141"]
[EventDate "2006.03.31"]
[EventType "tourn (rapid)"]
[EventRounds "20"]
[EventCountry "NED"]
[SourceDate "2006.03.12"]

1. e4 e5 2. Nf3 Nc6 3. Bc4 Bc5 4. c3 Nf6 5. d4 exd4 6. cxd4 Bb4+ 7. Bd2 Bxd2+
8. Nbxd2 d5 9. exd5 Nxd5 10. Qb3 {Milano Pro letzter Buchzug} Na5 11. Qa4+ Nc6
12. Ne5 O-O {Milano letzter Buchzug} 13. Bxd5 $146 ({RR} 13. Nxc6 Qe8+ 14. Kf1
Qxc6 15. Qxc6 bxc6 16. Re1 ({RR} 16. Rc1 Nb6 17. Be2 Bb7 18. Bf3 Rfe8 19. Bxc6
Bxc6 20. Rxc6 Re7 21. Nf3 Rb8 22. Rc2 Rd8 23. g3 Nd5 24. a3 Rde8 25. Kg2 Re2
26. Rxe2 Rxe2 27. Re1 Rxe1 28. Nxe1 f6 29. Kf3 Kf7 30. Nc2 Ke6 {
Ten Katen,K-Van Zutphen,A/Hengelo 2000/EXT 2001/1-0 (45)}) 16... Rb8 17. Nb3
Be6 18. f3 Ne3+ 19. Rxe3 Bxc4+ 20. Kf2 Rfe8 21. Rhe1 Kf8 22. Rxe8+ Rxe8 23.
Rxe8+ Kxe8 24. Nd2 Be6 {1/2-1/2 Janzen,A-Schwetje,J/Germany 1997/EXT 2001}) ({
RR} 13. O-O Nxd4 14. Rfe1 Be6 15. Bd3 Nf4 16. Re4 Qg5 17. g3 Nxd3 18. Nxd3 Nc6
19. f4 Qh5 20. Nf2 Rad8 21. Nf1 Qc5 22. b4 Qc3 23. Rae1 Nd4 24. R4e3 Qb2 25.
Qxa7 Bd5 26. Qc5 Nf3+ 27. Rxf3 Bxf3 {
Maeckelbergh,A-Mendoza,B/Elista 1998/CBM 66 ext/0-1 (32)}) 13... Qxd5 14. Nxc6
bxc6 15. O-O c5 16. Nf3 cxd4 17. Qxd4 Qxd4 18. Nxd4 Ba6 19. Rfe1 Rad8 20. Nc6
Rd2 21. b3 f5 22. a4 Rb2 23. Rab1 Rxb1 24. Rxb1 Ra8 25. Rc1 Kf7 26. Nb4 Be2 27.
Rxc7+ Kg6 28. Nc6 a6 29. Ne7+ Kf6 30. Nd5+ Ke5 31. Ne3 Kf6 32. Rc6+ Ke5 33.
Rc5+ Kd4 34. Rc7 g6 35. Rxh7 Rc8 36. h3 Bd3 37. Rd7+ Kc3 38. b4 Kd2 39. b5 axb5
40. axb5 Rc1+ 41. Kh2 Rb1 42. b6 Ke2 43. Rd6 Rb3 44. Nd5 Bc4 45. Ne7 Kxf2 46.
Rxg6 Bd3 47. Rg3 Ke2 48. Nd5 Kd2 49. Nf4 Rxb6 50. Rxd3+ Kc2 51. Rf3 Rd6 {
Milano gibt auf} 52. Nh5 Rh6 53. Ng3 f4 54. Nf5 Ra6 55. Rxf4 Kc3 56. g4 Rb6 57.
h4 Rg6 58. Kg3 Rg8 59. Rd4 Rh8 60. g5 Rg8 61. Kf4 Kb3 62. h5 Rh8 63. g6 Ra8 64.
g7 Kb2 65. h6 Ra1 66. g8=Q Rf1+ 67. Ke3 Re1+ 68. Kd2 Re2+ {# in -4} 69. Kxe2 {
# in 3} Kc3 70. Qb8 Kc2 71. Rc4# {31:34 - 33:24} 1-0

[Event "30/move"]
[Site "?"]
[Date "2006.03.31"]
[Round "10"]
[White "Mephisto Milano"]
[Black "Mephisto Milano Pro"]
[Result "0-1"]
[WhiteElo "2010"]
[BlackElo "2124"]
[PlyCount "188"]
[EventDate "2006.03.31"]
[EventType "tourn (rapid)"]
[EventRounds "20"]
[EventCountry "NED"]
[SourceDate "2006.03.12"]

1. c4 c5 2. Nc3 Nf6 3. Nf3 d5 4. cxd5 Nxd5 5. e3 Nxc3 6. bxc3 g6 7. Bb5+ Nd7 8.
O-O {Milano letzter Buchzug} Bg7 {Milano Pro letzter Buchzug} 9. Ba3 b6 10. d4
O-O 11. Bc6 $146 ({RR} 11. Rb1 Qc7 12. Qe2 Bb7 13. Rfd1 Rfd8 14. e4 Rac8 15. e5
Nf8 16. Ba6 Ne6 17. Bxb7 Qxb7 18. dxc5 Rxd1+ 19. Rxd1 bxc5 20. Qc4 Bh6 21. h4
Qb6 22. Qb3 Qxb3 23. axb3 Rb8 24. b4 a5 25. bxa5 Rb5 {
Malich,B-Smejkal,J/Leipzig 1977/EXT 2000/1-0 (37)}) ({RR} 11. Rc1 Qc7 12. c4
Rd8 13. Qe2 Nf6 14. d5 e5 15. Bb2 Ne8 16. Bc6 Rb8 17. Nd2 Nd6 18. f4 e4 19.
Bxg7 Kxg7 20. g4 Bd7 21. Bxd7 Qxd7 22. Rf2 f6 23. f5 Qe7 24. a4 gxf5 25. gxf5
Kh8 {Mishuchkov,N-Sergienko,S/Moscow 1994/CBM 45 ext/0-1 (38)}) ({RR} 11. Qb3
Qc7 12. Rfd1 a6 13. Be2 e6 14. Bb2 Bb7 15. a4 Rfd8 16. Rac1 Rac8 17. Nd2 Bd5
18. c4 Bb7 19. Nf3 cxd4 20. exd4 Bxf3 21. Bxf3 e5 22. Bd5 exd4 23. Bxf7+ Kh8
24. Bxd4 Nc5 25. Bxc5 Rxd1+ {
Tarjan,J-Adamski,J/Buenos Aires 1978/EXT 2002/1-0 (44)}) 11... Rb8 12. Qa4 Qc7
13. c4 Nf6 14. Rad1 Bb7 15. Bxb7 Rxb7 16. Bb2 cxd4 17. exd4 b5 18. cxb5 Qd7 19.
Ba3 Nd5 20. Ne5 Qxb5 21. Qxb5 Rxb5 22. Nc6 Bf6 23. Rfe1 Rb7 24. Rc1 Re8 25. Na5
Rd7 26. Nc6 Kg7 27. Ne5 Rb7 28. Nc6 Rc8 29. Rc5 Nf4 30. Ne5 Rxc5 31. Bxc5 Bxe5
32. g3 Nd3 33. Rxe5 Nxe5 34. dxe5 f6 35. exf6+ exf6 36. Kg2 Kf7 37. Kf3 a6 38.
Ke4 Ke6 39. a3 f5+ 40. Kd4 Rb2 41. Kc3 Ra2 42. Kb3 Ra1 43. h4 Kd5 44. Be3 Rb1+
45. Kc2 Rf1 46. Kb3 Rg1 47. Kb4 Rd1 48. Ka5 Ra1 49. a4 Ra2 50. Bg5 Kc6 51. Bf4
Kb7 52. Be3 Rb2 53. Bd4 Rd2 54. Be3 Rd5+ 55. Kb4 Kc6 56. Kc4 Ra5 57. Kb4 Re5
58. Bd4 Re4 59. Kc4 Rg4 60. a5 f4 61. Kd3 fxg3 62. fxg3 Rxg3+ 63. Kc2 Kb5 64.
Bb6 Kb4 65. Bd8 Rc3+ 66. Kb1 Rd3 67. Bb6 Rb3+ 68. Kc2 Rc3+ 69. Kb2 Rc4 70. Bd8
h6 71. Be7+ Kxa5 72. Ka3 Kb5 73. Kb3 Rg4 74. Kc3 Kc6 75. Kd3 Kd7 76. Bf6 Rf4
77. Be5 Rxh4 78. Ke3 a5 79. Kf3 a4 80. Kg2 {Milano gibt auf} a3 81. Bg7 a2 82.
Bb2 Rb4 83. Bg7 Rb1 84. Kg3 Kd6 85. Bf6 Kd5 86. Kg4 Rb4+ 87. Kg3 Rd4 88. Bg7
a1=Q 89. Bxd4 Qxd4 90. Kf3 g5 91. Kg2 Ke4 {# in 4} 92. Kf1 Qd2 93. Kg1 Kf3 94.
Kf1 Qf2# {43:46 - 47:59} 0-1

[Event "30/move"]
[Site "?"]
[Date "2006.03.31"]
[Round "11"]
[White "Mephisto Milano Pro"]
[Black "Mephisto Milano"]
[Result "1-0"]
[WhiteElo "2124"]
[BlackElo "2010"]
[PlyCount "51"]
[EventDate "2006.03.31"]
[EventType "tourn (rapid)"]
[EventRounds "20"]
[EventCountry "NED"]
[SourceDate "2006.03.12"]

1. e4 c6 2. c4 d5 3. exd5 cxd5 4. d4 Nf6 5. Nc3 Nc6 6. Bg5 Qa5 {
Milano letzter Buchzug} 7. Bd2 dxc4 8. Bxc4 Nxd4 9. Nb5 {
Milano Pro letzter Buchzug} Qb6 10. Nxd4 Qxd4 11. Qa4+ Kd8 12. O-O-O $146 ({RR
} 12. Ba5+ b6 13. Rd1 Qxd1+ 14. Qxd1+ Bd7 15. Bc3 Ne8 16. Bb5 Nd6 17. Bxd7 Kxd7
18. Nf3 f6 19. Nd4 e5 20. Nb5 Kc6 21. Qf3+ e4 22. Nd4+ Kb7 23. Qg4 Rc8 24. O-O
g6 25. Qe6 {1-0 Zier,L-Hermann,M/Bad Neuenahr 1982/EXT 2001}) 12... Qd7 13.
Ba5+ b6 14. Bxb6+ Ke8 15. Bb5 e6 16. Nf3 Nd5 17. Rxd5 exd5 18. Re1+ Be7 19. Qa3
Kf8 {Milano gibt auf} 20. Bxd7 Kg8 21. Qxe7 Bxd7 22. Ng5 {# in 5} Rc8+ 23. Kd2
Be6 {# in -4} 24. Rxe6 Rc2+ 25. Kxc2 fxe6 26. Qf7# {02:57 - 09:43} 1-0

[Event "30/move"]
[Site "?"]
[Date "2006.03.31"]
[Round "12"]
[White "Mephisto Milano"]
[Black "Mephisto Milano Pro"]
[Result "0-1"]
[WhiteElo "2010"]
[BlackElo "2124"]
[PlyCount "146"]
[EventDate "2006.03.31"]
[EventType "tourn (rapid)"]
[EventRounds "20"]
[EventCountry "NED"]
[SourceDate "2006.03.12"]

1. e4 c6 2. d4 d5 3. Nc3 {Milano letzter Buchzug} g6 4. exd5 cxd5 5. Bb5+ ({RR
} 5. Bf4 a6 6. Be5 f6 7. Bxb8 Rxb8 8. g3 e6 9. Nge2 Bd6 10. Qd2 Ne7 11. Nf4 Qc7
12. Nce2 Nc6 13. Bh3 Qf7 14. O-O O-O {
1/2-1/2 Benjamin,J-Dzindzichashvili,R/USA 1992/TD}) ({RR} 5. Nf3 Nf6 6. Be2 Bg7
7. O-O O-O 8. Re1 Nc6 9. h3 Bf5 10. a3 Rc8 11. Bf4 a6 12. Ne5 b5 13. Nxc6 Rxc6
14. Qd2 Re8 15. Rac1 Qc8 16. Bf3 Qd7 17. Ne2 Be4 18. Bxe4 Nxe4 19. Qe3 a5 {
Castro,J-Sales Filho,E/Imperatriz 2003/CBM 95 ext/0-1 (65)}) 5... Nc6 6. Nf3
Bg7 {Milano Pro letzter Buchzug} 7. Bf4 $146 ({RR} 7. O-O Bg4 ({RR} 7... Nf6 8.
Bf4 O-O 9. Re1 Bg4 10. h3 Bxf3 11. Qxf3 Nxd4 12. Qd1 Ne4 13. Nxe4 dxe4 14. Rxe4
Nxb5 15. Qxd8 Rfxd8 16. Rb4 Na3 17. Rxb7 Rd4 18. bxa3 Rxf4 19. Rd1 Re4 20. Rdd7
Be5 21. f3 Re3 22. Rxe7 {Inglis,A-Taylor,T/Canberra 2001/CBM 80 ext/0-1 (41)})
8. h3 Bxf3 9. Qxf3 Nf6 10. Bf4 O-O 11. Rad1 Rc8 12. Rfe1 e6 13. Bg5 h6 14. Bh4
a6 15. Bf1 g5 16. Bg3 Ne8 17. Be5 Nd6 18. Bxg7 Kxg7 19. Ne2 Qf6 20. Qg4 h5 21.
Qxh5 Rh8 {Munoz Pantoja,M-Cichero,E/Potrero de los Funes 1995/EXT 97/1-0}) ({RR
} 7. Ne5 Bxe5 8. dxe5 d4 9. Bxc6+ bxc6 10. Ne2 c5 11. O-O Bb7 12. c3 Qd5 13. f3
Rd8 14. cxd4 cxd4 15. Qa4+ Bc6 16. Qxa7 Qxe5 17. Nf4 Bb5 18. Rd1 g5 19. Nh3 f6
20. Bd2 Be2 21. Re1 d3 {
Dietrich,M-De Wiljes,J/Hambuehren 2002/EXT 2003/0-1 (39)}) 7... Nf6 8. Ne5 Qb6
9. O-O O-O 10. Bxc6 bxc6 11. Na4 Qb7 12. b3 Nh5 13. Bd2 Qc7 14. Re1 f6 15. Nf3
e5 16. c4 Bg4 17. Rc1 Rad8 18. h3 Bxf3 19. Qxf3 dxc4 20. Rxc4 Rfe8 21. g4 Nf4
22. Rxc6 Nxh3+ 23. Kg2 Nf4+ 24. Bxf4 Qa5 25. Qe4 f5 26. gxf5 gxf5 27. Qe3 Qd5+
28. Qf3 Qxf3+ 29. Kxf3 exf4 30. Rxe8+ Rxe8 31. Rd6 Re4 32. d5 Kf7 33. Nc5 Bf8
34. Rc6 Rd4 35. Rc7+ Be7 36. Rxa7 Rxd5 37. b4 Rd2 38. a4 h5 39. b5 h4 40. Kg2
Kf6 41. Ra6+ Kg5 42. Nb7 Kg4 43. Rg6+ Bg5 44. Kg1 f3 45. a5 Rb2 46. Rxg5+ Kxg5
47. Nd6 Kg4 48. Nc4 Rxb5 49. Kh2 Rc5 50. Ne3+ Kg5 51. a6 Rc6 52. a7 Ra6 53. Nc4
Rxa7 54. Ne5 Ra2 55. Nxf3+ Kg4 56. Ne5+ Kf4 57. Nd3+ Kf3 58. Kh3 Ra4 59. Kh2
Ra3 60. Ne5+ Kxf2 61. Ng6 h3 62. Nh4 f4 63. Nf5 Kf1 64. Nd4 f3 65. Kxh3 f2+ 66.
Kh2 {Milano gibt auf} Rc3 67. Nb5 Rd3 {# in 7} 68. Nd6 Ke1 69. Nf5 f1=Q 70. Ne3
{# in -4} Qf2+ 71. Kh1 Ke2 72. Nf1 Qxf1+ 73. Kh2 Rh3# {34:35 - 29:10} 0-1